Proceedings of the Conference on Extreme Value Theory and Applications, Gaithersburg Maryland 1993

Saved in:
Bibliographic Details
Corporate Author: Conference on Extreme Value Theory and Applications : Gaithersburg, Maryland
Other Authors: Galambos, Janos 1940- (Editor), Lechner, James (Editor), Simiu, Emil (Editor)
Format: Conference Proceeding Book
Language:English
Published: Dordrecht : Kluwer Academic, 1994
Subjects:
Tags: Add Tag
No Tags, Be the first to tag this record!

MARC

LEADER 00000nam a2200000 i 4500
001 1/25978
008 981214s1994 eng d
020 |a 0-7923-2865-5 
035 |l 10037471 
040 |a GR-MY-UA  |b gre  |e aacr 
041 0 |a eng 
082 0 |a 519.24 
111 2 |a Conference on Extreme Value Theory and Applications  |d (1993  |c : Gaithersburg, Maryland) 
245 1 0 |a Proceedings of the Conference on Extreme Value Theory and Applications, Gaithersburg Maryland 1993 /  |c edited by Janos Galambos, James Lechner, Emil Simiu ; technical editing by Nicholas Macri 
260 |a Dordrecht :   |b Kluwer Academic,   |c 1994 
300 |a 519 p. 
505 0 |a Contents: v. 1: Extreme value theory and applications 
650 0 0 |a Extreme value theory  |x Congresses. 
700 1 |a Galambos, Janos  |d 1940-  |4 edt 
700 1 |a Lechner, James.  |4 edt 
700 1 |a Simiu, Emil.  |4 edt 
852 |a INST  |b LESVOS  |e 19981214  |h 519.24 PRO  |p 005100017349  |q 005100017349  |t BK  |y 0  |z v.1. 
852 |a INST  |b LESVOS  |e 19981214  |h 519.24 PRO  |p 005100017349  |q 005100017349  |t BK  |v v.1.:  |y 0  |z v.1. 
853 |a INST  |b LESVOS  |h 519.24 PRO 
909 |a Λ  |b 061468 
922 |a 1ΕΛΗ  |b 199811  |c ΚΠΣ/ΤΠ  |d ΠΑΠΑΣΩΤΗΡΙΟΥ 
950 |a 107-1998-07-18